00913na a2200253 450000100060000000300080000600500170001400800410003104000250007204100080009708200320010509000310013710000180016824500500018626000850023630000320032144000480035350400200040165000510042165100440047294200130051695201130052999900170064223916MIRAKIL20181213155323.0180122b tu 000 0  aMilasbturcTR-AnCHP atur a070.1720956225bŞ23s 2005 a070.1720956225 Ş23s 2005 aŞahin, Enis aSakarya basın tarihi 1919-2004cEnis Şahin aİstanbulbSakarya Gazeteciler Cemiyeti Yayınlarıc2005fMerkez Matbaacılık axxxiv, 476 s.bres.c27 sm. aSakarya Gazeteciler Cemiyeti Yayınlarıv6 aKaynakça var. aBasın tarihixSakarya (Adapazarı)y1919-2004 aSakarya (Adapazarı)xBasıny1919-2004 2ddccBKS a0001b0001d2018-01-22e2l0o070.1720956225 Ş23s 2005p017900r2018-01-22 00:00:00v0.00w2018-01-22yBKS c10482d10482